Luyện thi TOEIC : 850 listening

Trọng tâm của cuốn sách là những ví dụ thiết thực và hệ thống bài tập đa dạng, bám sát các dạng đề thi thật. Ứng với mỗi kiểu câu hỏi nghe, tác giả đều đưa ra nhận định khái quát về kiểu câu hỏi này (chủ đề thường gặp, xu hướng ca...

Descrición completa

Gardado en:
Detalles Bibliográficos
Autor Principal: Gang-Soo, Jo
Formato: Libro
Idioma:Undetermined
Publicado: Hà Nội Khoa học Xã hội 2018
Những chủ đề:
Các nhãn: Engadir etiqueta
Sen Etiquetas, Sexa o primeiro en etiquetar este rexistro!
Thư viện lưu trữ: Trung tâm Học liệu Trường Đại học Cần Thơ
LEADER 01236nam a2200217Ia 4500
001 CTU_230748
008 210402s9999 xx 000 0 und d
082 |a 428.0076 
082 |b G197 
100 |a Gang-Soo, Jo 
245 0 |a Luyện thi TOEIC : 
245 0 |b 850 listening 
245 0 |c Jo Gang-Soo ; Ngọc Huyền (dịch) 
260 |a Hà Nội 
260 |b Khoa học Xã hội 
260 |c 2018 
520 |a Trọng tâm của cuốn sách là những ví dụ thiết thực và hệ thống bài tập đa dạng, bám sát các dạng đề thi thật. Ứng với mỗi kiểu câu hỏi nghe, tác giả đều đưa ra nhận định khái quát về kiểu câu hỏi này (chủ đề thường gặp, xu hướng câu hỏi). Sau đó là những phân tích cụ thể, kèm theo các tips và bài vận dụng thực hành. Sau mỗi chương đều có Bài tập thực hành, cuối mỗi phần đều có bài Full Test hoàn chỉnh. 
650 |a Tiếng Anh,English language 
650 |x Nghe,Listening 
910 |b nthai 
980 |a Trung tâm Học liệu Trường Đại học Cần Thơ